GreenEnergy website (Record no. 120566)
[ view plain ]
| 000 -LEADER | |
|---|---|
| fixed length control field | 00885cam a2200181 4500 |
| 001 - CONTROL NUMBER | |
| control field | L136294 |
| 008 - FIXED-LENGTH DATA ELEMENTS--GENERAL INFORMATION | |
| fixed length control field | 070123n 000 0 eng u |
| 035 ## - SYSTEM CONTROL NUMBER | |
| System control number | (Sirsi) u136294 |
| 041 0# - LANGUAGE CODE | |
| Language code of text/sound track or separate title | eng |
| 110 2# - MAIN ENTRY--CORPORATE NAME | |
| Corporate name or jurisdiction name as entry element | National Energy Foundation |
| 9 (RLIN) | 1196 |
| 245 00 - TITLE STATEMENT | |
| Title | GreenEnergy website |
| Medium | [electronic resource] |
| 520 ## - SUMMARY, ETC. | |
| Summary, etc. | Provides information on renewable energy technologies. Includes links to information on the National Energy Foundation's current projects, and the services they offer from training courses to education programmes including school visits. Gives information about relevant upcoming events and links to various related sites. |
| 590 ## - LOCAL NOTE (RLIN) | |
| Local note | KA |
| 651 #4 - SUBJECT ADDED ENTRY--GEOGRAPHIC NAME | |
| Geographic name | United Kingdom |
| Chronological subdivision | |
| 690 ## - LOCAL SUBJECT ADDED ENTRY--TOPICAL TERM (OCLC, RLIN) | |
| Topical term or geographic name as entry element | ENVIRONMENTAL AND LAND CONSULTANCY-ENERGY-RENEWABLE ENERGY |
| 856 40 - ELECTRONIC LOCATION AND ACCESS | |
| Uniform Resource Identifier | <a href="https://www.nef.org.uk/greenenergy/index.htm">https://www.nef.org.uk/greenenergy/index.htm</a> |
| Public note | View the website free of charge at www.nef.org.uk... |
| 942 ## - ADDED ENTRY ELEMENTS (KOHA) | |
| Suppress in OPAC | 0 |
| Withdrawn status | Lost status | Source of classification or shelving scheme | Damaged status | Not for loan | Home library | Current library | Shelving location | Date acquired | Total Checkouts | Full call number | Barcode | Date last seen | Copy number | Price effective from | Koha item type |
|---|---|---|---|---|---|---|---|---|---|---|---|---|---|---|---|
| Dewey Decimal Classification | Virtual | Virtual | Online | 23/01/2007 | WEB SITE | 136294-1001 | 06/08/2019 | 1 | 06/08/2019 | Online material |